000 00792nam a22002297a 4500
003 OSt
005 20160608125809.0
008 131001t xxu||||| |||| 00| 0 eng d
020 _a97871416602378
050 _aLB 3011
_b.B63 2005
082 _aGLT 371.1024
_bB71 2005
100 _aBoynton, Mark
_922636
245 _aThe educator's guide to preventing and solving discipline problems /
_cMark Boynton & Christine Boynton.
260 _aAlexandria, VA :
_bAssociation for Supervision and Curriculum Development (ASCD),
_cc2005.
300 _a178 p. :
_bill, ;
_c23 cm.
562 _e1
650 _aSchool discipline
_xUnited States.
_922637
650 _aClassroom management
_xUnited States.
_922638
700 _aBoynton, Christine
942 _2lcc
_cBK
_eGLT
999 _c12591
_d12591